00592nam a2200205 a 4500001001300000003000900013005001700022008004100039020002600080082002400106100001900130245005500149260005000204300000900254500003500263505001000298650003400308650002500342700001900367nice12345678IN_TiNIC20260116013104.0050524s1994 cama grp 000 0 eng  a052138X c971.7500a909.0976710072bKHA aKhalidi, Tarif aArabic Historical Thought Iln the Classical Period aCambridge bCambridge University Press c1994 a250p aincludes index and biblioraphy2 aIndex aIslamic-Empire Historiography aCivilization-Islamic1 aKhalidi, Tarif